Industri perlombongan Malaysia = 2012.
| Format: | Book |
|---|---|
| Published: |
Kuala Lumpur:
Jabatan Mineral & Geosains (JMG),
2012.
|
| Subjects: |
| LEADER | 00527cam a2200145 7i4500 | ||
|---|---|---|---|
| 001 | 0000031764 | ||
| 005 | 20141003090000.0 | ||
| 020 | 0 | 0 | |a 9771675520001 |
| 090 | 0 | 0 | |a M 333.809595 |b IND |
| 245 | 0 | 0 | |a Industri perlombongan Malaysia = |l Malaysian mining industry : |b 2012. |
| 260 | 0 | 0 | |a Kuala Lumpur: |b Jabatan Mineral & Geosains (JMG), |c 2012. |
| 300 | # | # | |a 145 p. |
| 650 | 0 | 0 | |a Minerals industries -- |x Directories -- |z Malaysia |
| 650 | 0 | 0 | |a Mines and mineral resources -- |z Malaysia |
| 999 | |a 0000034641 |b Book |c Malaysia |e Business Information Centre | ||


